000 01250cam a22003257a 4500
001 1906
005 20231009132006.0
020 _a9780439825979 (pbk.)
020 _a0439825970 (pbk.)
040 _aBTCTA
_cBTCTA
_dBAKER
_dOCP
_dJAO
_dB2A
_dYDXCP
_dUPZ
_dWL8
_dCQU
_dDLC
_dFISKH
_beng
050 0 0 _aPZ7.B447547
_bIt 2009
082 _a808.832
100 1 _aBenton, Jim.
245 1 0 _aIt's not my fault I know everything /
_cby Jamie Kelly [i.e. Jim Benton ; cover art by Jamie Kelly with the help of Jim Benton].
246 3 _aIt is not my fault I know everything
260 _aNew York :
_bScholastic,
_c2009.
300 _a131 pages :
_billustrator ;
_c20 cm
490 1 _aDear dumb diary ;
_vBook 8
500 _a"Jim Benton's tales from Mackerel Middle School."
500 _a"Free diploma of everything inside!"--Cover.
500 _a"Apple series"--P. [4] of cover.
505 _aZ
520 _aJamie Kelly looks back through her very oldest diaries, and is amazed at how dumb she used to be considering how smart she is now.
521 0 _a940
_bLexile
521 1 _aZ
_bRaz-Plus
650 0 _aDiaries
_vJuvenile fiction.
650 0 _aMiddle schools
_vJuvenile fiction.
650 1 _aMiddle schools
_vFiction.
942 _2ddc
_cBK
_n0
999 _c1906
_d1906